| 000 | 00367nmm a2200145 a 4500 | ||
|---|---|---|---|
| 003 | AR-BaBNM | ||
| 005 | 20251128203148.0 | ||
| 008 | 173119s1944 ||||||||||||||000 | spa|| | ||
| 040 | _cAR-BaBNM | ||
| 100 | 1 | _aCano, Guillermo J. | |
| 245 | 1 | 0 |
_aCódigo de minería de la República Argentina _n1 |
| 260 |
_aBuenos Aires _bKraft _c1944 |
||
| 942 | _cBK | ||
| 998 | _cPicasso | ||
| 999 |
_c2182 _d2182 |
||